000
00232 a2200109 4500
001
51107
040
_c
Anchieta - Pituba
240
1
0
_a
Literomania
_l
245
1
0
_a
Literomania
650
4
_a
LĂnguas espanhola e portuguesa
942
_c
MX
999
_c
51107
_d
51107